เปลี่ยนเป็นภาษาไทย

Change to English
 แสดงรายละเอียดบรรณานุกรม
  กลับหน้าหลัก

Brief Record : Get Marc (ISO 2709) : E-mail record : QR code กลับ
E-books : เกี่ยวกับ Collections
LEADER 00000nam 2200000uu 4500
001    13399128806
003     BCNR
008    260519s2568||||th 000 0 tha d
020    ^a9786166220582
041    ^atha
060  4 ^aWM412^bก499 2568
245 00 ^aการรักษาทางจิตเวชด้วยไฟฟ้า =^bElectroconvulsive therapy /^cพิชัย อิฏฐสกุล, บรรณาธิการ
246 31 ^aElectroconvulsive therapy
250    ^aพิมพ์ครั้งที่ 2
260    ^aกรุงเทพฯ :^bสำนักพิมพ์รามาธิบดี คณะแพทยศาสตร์โรงพยาบาลรามาธิบดี มหาวิทยาลัยมหิดล,^c2568
300    ^a194 หน้า :^bภาพประกอบ, ตาราง ;^c27 ซม.
505 0  ^aบทที่ 1 การรักษาทางจิตเวชด้วยไฟฟ้าจากอดีตสู่ปัจจุบัน -- บทที่ 2 ประสิทธิภาพของการรักษาทางจิตเวชด้วยไฟฟ้าในโรคทางจิตเวช -- บทที่ 3 ความรู้พื้นฐาน การวางขั้วไฟฟ้า และปริมาณไฟฟ้าที่ใช้ในการรักษา -- บทที่ 4 กลไกการออกฤทธิ์ของการรักษาทางจิตเวชด้วยไฟฟ้า -- บทที่ 5 สถานที่ อุปกรณ์ และขั้นตอนการรักษาทางจิตเวชด้วยไฟฟ้า -- บทที่ 6 การประเมินผู้ป่วยก่อนการรักษาทางจิตเวชด้วยไฟฟ้า -- บทที่ 7 การประเมินผู้ป่วยทางวิสัญญีก่อนทำการรักษาทางจิตเวชด้วยไฟฟ้า -- บทที่ 8 การให้การระงับความรู้สึกระหว่างการรักษาทางจิตเวชด้วยไฟฟ้า -- บทที่ 9 การประเมิน และจัดการการชักระหว่างการรักษาทางจิตเวชด้วยไฟฟ้า -- บทที่ 10 ผลข้างเคียงจากการรักษาทางจิตเวชด้วยไฟฟ้า และการรักษา -- บทที่ 11 ความถี่ และจำนวนครั้งของการรักษาทางจิตเวชด้วยไฟฟ้า -- บทที่ 12 การรักษาทางจิตเวชด้วยไฟฟ้าระยะต่อเนื่อง และระยะยาว
650  4 ^aจิตเวชศาสตร์^xการรักษา
650  4 ^aการรักษาด้วยไฟฟ้า
700 0  ^aพิชัย อิฏฐสกุล,^eบรรณาธิการ
710 2  ^aมหาวิทยาลัยมหิดล. ^bคณะแพทยศาสตร์โรงพยาบาลรามาธิบดี.^bสำนักพิมพ์รามาธิบดี
999    ^aบรรณารักษ์
รายการนี้ยังไม่มีแท็ก
คุณยังไม่ได้ล็อกอิน คุณสามารถมีกิจกรรมร่วมกับเว็บไซต์ได้ แต่ต้องล็อกอินก่อน ::
  ล็อกอิน
ลำดับที่ ประเภท เลขเรียก/บาร์โค้ด สถานที่ สถานะ
1. หนังสือ
หนังสือ
WM412 ก499 2568 c.1 
  Barcode: 087957
ห้องสมุดสาขาหลัก
►หนังสือทั่วไป
On Shelf
2. หนังสือ
หนังสือ
WM412 ก499 2568 c.2 
  Barcode: 087958
ห้องสมุดสาขาหลัก
►หนังสือทั่วไป
On Shelf
3. หนังสือ
หนังสือ
WM412 ก499 2568 c.3 
  Barcode: 087959
ห้องสมุดสาขาหลัก
►หนังสือทั่วไป
On Shelf
4. หนังสือ
หนังสือ
WM412 ก499 2568 c.4 
  Barcode: 087960
ห้องสมุดสาขาหลัก
►หนังสือทั่วไป
On Shelf
5. หนังสือ
หนังสือ
WM412 ก499 2568 c.5 
  Barcode: 087961
ห้องสมุดสาขาหลัก
►หนังสือทั่วไป
On Shelf
   [แสดง 5/5 รายการ]

รายการใกล้เคียง
    หัวเรื่อง [การรักษาด้วยไฟฟ้า]

BibComment


ยังไม่เคยถูกคอมเมนท์

คอมเมนท์ทรัพยากรรายการนี้
  คอมเมนท์: การรักษาทางจิตเว..
Bib 13399128806

 
 
 

 Union Library Management : ULibM
Copyright 2026. All Rights Reserved.